000 00331nam a2200133Ia 4500
008 100328s9999 xx 000 0 und d
082 _b11093
100 _aगोरे ना.ग.
245 _aमेघदूत
260 _bसाधना
630 _aमेघदूत
730 _aमेघदूत
942 _cBOOK
999 _c506428
_d506425